| 000 | 00703nam a2200229 u 4500 | ||
|---|---|---|---|
| 005 | 20221117063439.0 | ||
| 008 | 121114s2006 es r 000 0 spa d | ||
| 020 | _a8420551813 (10 dígitos) | ||
| 020 | _a9788420551814 (13 dígitos) | ||
| 035 | _aUPN01000188573 | ||
| 049 | _aI | ||
| 050 | 4 |
_aGB662.3 _bA7.9 |
|
| 100 | 1 |
_aArlon, Penelope, _d1971- _933145 |
|
| 245 | 1 | 0 |
_aAgua : _bel descubrimiento empieza con una palabra / _cPenelope Arlon ; tr. Vuelapluma. |
| 260 |
_aMadrid : _bPearson Educación, _cc2006. |
||
| 300 |
_a19 p. : _bil. col. |
||
| 440 | 0 | _aAlhambra | |
| 534 |
_pTraducción de: _tWater |
||
| 650 | 2 |
_aAgua _vLiteratura juvenil _910249 |
|
| 905 | _aInfantil | ||
| 999 |
_c160676 _d160676 |
||